Bariérové opcie vs. Klasické vanilla opcie

Príčiny vývoja cien bariérových opcií, ktoré sú lacnejšie než klasické vanilla opcie, na základe ekonomického a matematického prístupu. Oceňovanie štandardných bariérových opcií. Vypočítané ceny klasickej vanilla opcie.

Guardado en:
Detalles Bibliográficos
Autor principal: Šturc, Boris, 1961-
Otros Autores: Čurlejová, Libuša
Formato: Capítulo de libro
Lenguaje:eslovaco
Materias:
Etiquetas: Agregar Etiqueta
Sin Etiquetas, Sea el primero en etiquetar este registro!

MARC

LEADER 00000nla$a2200000$$$4500
001 0134551
005 20240502072518.1
041 0 |a slo 
044 |a SK 
245 1 0 |a Bariérové opcie vs. Klasické vanilla opcie  |c Boris Šturc, Libuša Čurlejová 
520 |a Príčiny vývoja cien bariérových opcií, ktoré sú lacnejšie než klasické vanilla opcie, na základe ekonomického a matematického prístupu. Oceňovanie štandardných bariérových opcií. Vypočítané ceny klasickej vanilla opcie. 
610 2 0 |a trh akciový 
610 2 0 |a trh burzový 
610 2 0 |a burzy cenných papierov 
610 2 0 |a obchody opčné 
610 2 0 |a opcie 
610 2 0 |a oceňovanie 
610 2 0 |a algoritmy 
610 2 0 |a vzorce 
100 1 |a Šturc, Boris, 1961- 
700 1 |a Čurlejová, Libuša